000 00528nam a2200181Ia 4500
999 _c23291
_d23291
003 OSt
005 20200206145046.0
008 190216s9999||||xx |||||||||||||| ||und||
020 _a036000291452
040 _coclc
082 _a297.61
_bALQ/I
100 _a Al-Quasimi, P K Abdul Gafoor
_91866
245 0 _aImam Bukhari /
_cP K Abdul Gafoor Al-Quasimi
260 _bThasqueef Books,
_c2000.
_aKundor:
300 _a38p
650 _aIslamic History
942 _cBK
_2ddc
_h297.61
_iALQ/I
_k297.61
_mALQ/I